Quantitative and accounting methods (Record no. 55434)

MARC details
000 -LEADER
fixed length control field 00566nam a2200157 a 4500
008 - FIXED-LENGTH DATA ELEMENTS--GENERAL INFORMATION
fixed length control field 120416s0000 ||||||||||||||||| || u
020 ## - INTERNATIONAL STANDARD BOOK NUMBER
International Standard Book Number 085505042X
050 ## - LIBRARY OF CONGRESS CALL NUMBER
Classification number HF 5635 Qua
100 ## - MAIN ENTRY--PERSONAL NAME
Personal name Wood, Frank
245 10 - TITLE STATEMENT
Title Quantitative and accounting methods
246 ## - VARYING FORM OF TITLE
Title proper/short title a textbook for BECN award courses
260 ## - PUBLICATION, DISTRIBUTION, ETC.
Place of publication, distribution, etc. Lancashire
Name of publisher, distributor, etc. Polytechnic Publishers
Date of publication, distribution, etc. 1980
300 ## - PHYSICAL DESCRIPTION
Extent (vi), 394p. : ill.
350 ## - PRICE (NR) (BK AM CF MU VM SE) [OBSOLETE]
Price 0.00
995 ## - RECOMMENDATION 995 [LOCAL, UNIMARC FRANCE]
-- 0.00
-- CBU-MAIN LIBRARY (Kitwe)
-- 1
-- 10.00
-- AVAILABLE
-- Main Library Open Access Collection
Holdings
Withdrawn status Lost status Source of classification or shelving scheme Damaged status Not for loan Home library Current library Shelving location Date acquired Total Checkouts Full call number Barcode Date last seen Price effective from Koha item type
          CBU-MAIN LIBRARY, KITWE. CBU-MAIN LIBRARY, KITWE.   11/30/2022   HF 5635 Qua 006304 11/30/2022 11/30/2022 MONOGRAPH